[Event "Bayern-chI Bank Hofmann 6th"]
[Site "Bad Wiessee"]
[Date "2002.11.02"]
[Round "8"]
[White "Womacka, Mathias"]
[Black "Golod, Vitali"]
[Result "1-0"]
[WhiteElo "2484"]
[BlackElo "2523"]
[Annotator "Golod,V"]
[PlyCount "117"]
[EventDate "2002.10.26"]
[EventType "swiss"]
[EventRounds "9"]
[EventCountry "GER"]
[SourceTitle "EXT 2003"]
[Source "ChessBase"]
[SourceDate "2002.11.25"]
[SourceVersion "1"]
[SourceVersionDate "2002.11.25"]
[SourceQuality "1"]

{Some fatality pursued me in 8th round.Two years ago I had the same number of
points and also lost the game in 8th round.Maybe this was happened,because
both times I lived in the same hotel''Concordia'' and in the same room #8.} 1.
e4 e5 2. Nf3 Nc6 3. Bb5 a6 4. Bxc6 dxc6 5. O-O f6 6. d4 exd4 7. Nxd4 c5 8. Nb3
Qxd1 9. Rxd1 Bg4 $1 {It is necessary to make diagonal "g1-a7" more weak.} 10.
f3 Bd7 (10... Be6 $5) 11. Bf4 O-O-O 12. Nc3 c4 13. Na5 Bc5+ 14. Kf1 $5 {
[%mdl 4]} ({After:} 14. Kh1 $5 {White can be switched in better endgame:} b5
15. Nd5 Ne7 16. Bxc7 $1 (16. Nxc7 $4 Bb6 {[%csl Ra5,Rc7]}) 16... Nxd5 17. Bxd8
Ne3 18. Nb7 $1 Nxd1 19. Nxc5 Nf2+ (19... Nxb2 $143 20. Ba5 {+/=/+/-}) 20. Kg1
Nxe4 21. fxe4 $1 Rxd8 22. Rd1 $14 {Fressinet,L-Vajda,L/Bucharest,2001(1/2-1/2)
(37)}) 14... b5 15. a4 $5 {It is absolutely unawares.This move I didn't know.
Most of all I was preparing to:} (15. Nd5 Ne7 16. Bxc7 Nxd5 17. Rxd5 Kxc7 18.
Rxc5+ Kb6 19. b4 (19. Rd5 $2 Be6 (19... Kxa5 $2 20. Rad1 $16) 20. Rxd8 Rxd8 21.
b4 $8 Rd2 22. Rc1 {=/=/+}) 19... cxb3 20. Nxb3 Be6 21. Rc3 a5 $5 (21... Rd6 $5
{See comments to Shirov,A-Adams,M/Tilburg,1996/CBM 56(1-0)(Shirov,A)(61)}) (
21... b4 $6 22. Re3 Rc8 23. Nd4 Bc4+ 24. Ke1 Rhd8 25. Ne2 Bb5 26. Rc1 $14 {
Benjamin,J-Ivanov,A/USA-ch,1993(1-0)(61)}) (21... Rc8 {Shirov,A} 22. Rxc8 Rxc8
23. Nd4 $14) 22. a4 Rc8 (22... b4 $2 23. Rc5 Bxb3 24. Rb5+ Ka6 25. cxb3 $16 Rd3
$2 26. Rc1 Rxb3 27. Rc6+ Ka7 28. Rc7+ Ka6 29. Rcb7 {1-0 Kelleher,W-Adams,M/New
York,1996(29)}) 23. Rxc8 Rxc8 24. Nd4 (24. axb5 $143 Bxb3 25. cxb3 Rc3 $1 $11)
24... Bc4+ 25. Ke1 b4 $44 26. Kd2 Bf7 27. h4 Kc5 28. Ke3 Kc4 29. Ne2 Rd8 30. g4
{1/2-1/2 Rogers,I-Slobodjan,R/Germany,1998(30)}) 15... Ne7 16. axb5 axb5 ({
Also it was met there:} 16... Bxb5 {[%csl Ra5]} 17. Ke2 (17. Bd2 $5) 17... Rxd1
18. Rxd1 Bb4 19. Nxb5 axb5 20. Bd2 Bd6 $11 {Vajda,L-Pedersen,N/Zagan,1997(1-0)
(42)}) 17. Bg3 $5 $146 {During the game I thought,that white had set up for me
a perfect trap. Besides,hence the bishop can get to fields "e1" or "f2" right
away.} ({It was checked in the previous games:} 17. b3 $5 Bb4 (17... cxb3 $143
18. Nxb3 Bb6 (18... Bb4 $4 19. Ra7 Bd6 20. Rxd6 $1 Ng6 21. Rda6 {[%cal Ga7a8,
Gb3c5] 1-0 Baron Rodriguez,J-Portero Garnica,M/Zaragoza,1999(21)}) 19. Ra8+ Kb7
20. Rxd7 Rxd7 21. Rxh8 Ng6 22. Rxh7 Nxf4 23. Nd5 (23. h4 $142) 23... Nxd5 24.
exd5 $14 {Solomon,S-Zhao Zong Yuan/Melbourne,1999(1-0)(43)}) 18. Ne2 cxb3 19.
Nxb3 $14 {Milu,R-Vajda,L/Bucharest,1997(1/2-1/2)(34)}) 17... Rhe8 ({It appears
that after:} 17... c6 {it didn't win right away:} 18. Nxc4 (18. b3 $5 $14)
18... bxc4 $140 19. Ra5 $1 {in view of:} Bb6 (19... Bb4 $4 20. Ra7 {[%csl Rc8]
[%cal Ga7c7]}) 20. Ra8+ Kb7 21. Rb8+ (21. Rxd7+ $143 Kxa8 22. Rxe7 Rd2 {
[%csl Rc2]}) 21... Rxb8 22. Rxd7+ Kc8 23. Rxe7 Bd8 $13 {[%csl Rb2]}) 18. b3 Bb4
(18... cxb3 19. Nxb3 Bb6 20. Bf2 $14) 19. Be1 $1 ({Again pretty dubiously:} 19.
Nxc4 {because of:} bxc4 (19... Bxc3 $5 20. Ra7 $1 Kb8 21. Rxc7 Be5 $13) 20. Ra7
{[%csl Rc7]} Bd6 21. Rxd6 $1 cxd6 22. Bxd6 {[%cal Ga7c7]} cxb3 23. cxb3 Nf5 24.
Rc7+ Kb8 25. exf5 Bxf5 26. Bg3 Ka8 $13) 19... cxb3 20. Nxb3 Kb8 $6 (20... Kb7
$5 {/\Be6}) 21. Ne2 $14 Bxe1 {(1/2?)} 22. Kxe1 {There is no reason for white
to agree for the the draw.} Be6 $2 (22... c6 $5) 23. Ned4 (23. Rxd8+ $142 Rxd8
$140 24. Nbd4 Bc4 $140 25. Nxb5 $1 {[%csl Rb8]} Bxb5 26. Rb1 c6 27. c4 $16)
23... Bxb3 24. cxb3 f5 $1 {It is best practical chance to make the position
equal.} (24... c6 $143 25. Ne6 Rxd1+ 26. Rxd1 {[%csl Rg7][%cal Ge6g7,Gd1d7]})
25. Nxb5 fxe4 26. fxe4 (26. Rxd8+ $6 Rxd8 27. fxe4 Rd3 {[%csl Rb3,Re1,Re4]
[%cal Gd3b3,Gd3e3]}) 26... Nd5 $1 (26... Rxd1+ $143 27. Kxd1 {[%csl Re4][%cal
Yb5c3,Yc3e4]}) 27. Ra4 (27. Rd4 $2 c5 $1 $132) 27... c6 28. Rad4 $1 (28. Na3 $6
Re5 29. Rc1 Kb7 $44) 28... cxb5 29. Kf2 {[%tqu "En","?Can black unleash
somehow his own pieces.","","","e8e4","It is nice tactical resource!",10,
"b8c7","",0]} Rxe4 $1 $138 {It is nice tactical resource!} (29... Kc7 $6 30.
Rc1+) 30. Rxe4 Rf8+ 31. Kg3 $6 (31. Ke1 $142 Nc3 $140 32. Re7 (32. Re5 $143
Nxd1 33. Rxb5+ Kc7 34. Kxd1 Rf1+ (34... Rf2 $6 35. Rc5+ {[%cal Yc5c2]}) 35. Ke2
Rb1 {[%cal Gb1b2]}) 32... Nxd1 33. Kxd1 {+/=/+/-}) 31... Nc3 32. Rdd4 Nxe4+ 33.
Rxe4 Rc8 $2 {Over here I lose important tempo.} (33... Rf7 $142 34. Re5 Rb7 35.
Kf4 Ka7 36. b4 Kb6 37. Re6+ Ka7 {[%cal Gb7c7]}) 34. Kf4 Rc7 35. Re5 Rb7 36. b4
{[%csl Rb5]} Ka7 37. Ke4 Kb6 38. Re6+ Ka7 39. Kd5 Rf7 $2 $138 (39... Rc7 $142)
40. Kc6 $1 $16 Ka6 41. Kc5+ (41. Re8 $2 {[%csl Ra6][%cal Ge8a8]} Rf6+ 42. Kc7
Rf7+) (41. Re1 $2 {[%csl Ra6][%cal Ge1a1]} Rf6+ 42. Kc7 Rf7+) 41... Kb7 42.
Kxb5 Rf5+ 43. Kc4 (43. Ka4 $142 {[%csl Ga4,Yb4][%cal Ga4a5,Yb4b5]}) 43... Rg5 (
43... Rh5 $143 44. h3 Rg5 45. g4 h5 46. Re4) 44. g3 h5 45. Re4 Kb6 46. Kd4 Kc6
47. Ke3 Rf5 48. Re6+ (48. Rc4+ $6 Kb5 49. Rc5+ Rxc5 50. bxc5 Kxc5 51. Kf4 h4 $1
{Also it has to be checked if white are winning in pawns endgame.} (51... Kd6
$2 52. Kg5 Ke7 53. h4 Kf7 54. Kxh5 Kf6 55. Kg4 $18)) 48... Kb5 49. Rg6 Kxb4 (
49... Rf7 $143 50. Rg5+ Kxb4 51. Rxh5 {[%csl Rb4,Yh5][%cal Yh5a5]}) 50. Rxg7
Kc4 51. Ke4 Rf2 52. h4 Rf8 53. Rg5 (53. Rc7+ $5 Kb4 54. Rh7 Rg8 55. Rxh5 Rxg3
56. Rg5 Rh3 57. h5 $18 {[%csl Rb4,Yg5][%cal Yg5a5]}) 53... Rh8 54. Kf5 $2 (54.
Kf4 $1 Kd4 $140 55. g4 hxg4 56. Kxg4 {[%csl Rd4,Yg5,Gh4][%cal Yg5a5,Gh4h5]})
54... Rh6 $4 {I didn't understand what my opponent was thinking over 20
minutes and made decisive mistake.} (54... Kd5 $1 55. Kg6+ $140 $6 (55. g4 $142
hxg4 56. Rxg4 Kd6 {[%cal Yd6e7,Ye7f7] with great chances to draw.}) 55... Ke4
$1 ({I was learning only:} 55... Ke6 $2 56. Kg7 Ra8 57. Rxh5 $18) 56. Kg7 Ra8
57. Rxh5 Ra7+ 58. Kg6 Ra6+ 59. Kf7 (59. Kg5 Kf3 {[%csl Gf3,Rg3][%cal Ga6a5]})
59... Ra7+ 60. Ke8 Ra8+ 61. Kd7 Ra7+ 62. Kc6 Ra6+ 63. Kb5 Rg6 $11) 55. Rg8 $18
{[%csl Rh5,Yh6][%cal Gf5g5,Gg5g6]} Ra6 56. Kg5 Kd5 (56... Ra5+ 57. Kh6 {
[%csl Rh5][%cal Gg8g5]}) 57. Kxh5 Ra3 58. g4 Ke6 59. Rf8 {[%csl Re6,Yf8][%cal
Yf8f1]} 1-0

[Event "WchT 5th"]
[Site "Yerevan"]
[Date "2001.10.15"]
[Round "4.4"]
[White "Egin, Vladimir"]
[Black "Acs, Peter"]
[Result "1-0"]
[WhiteElo "2466"]
[BlackElo "2530"]
[Annotator "Hecht,H"]
[PlyCount "175"]
[EventDate "2001.10.12"]
[EventType "team-tourn"]
[EventRounds "9"]
[EventCountry "ARM"]
[SourceTitle "CBM 086"]
[Source "ChessBase"]
[SourceDate "2002.02.05"]
[SourceVersion "1"]
[SourceVersionDate "2002.02.05"]
[SourceQuality "1"]
[WhiteTeam "Uzbekistan"]
[BlackTeam "Hungary"]
[WhiteTeamCountry "UZB"]
[BlackTeamCountry "HUN"]

1. e4 e5 2. Nf3 Nc6 3. Bb5 a6 4. Bxc6 dxc6 5. O-O f6 6. d4 Bg4 7. dxe5 Qxd1 8.
Rxd1 fxe5 9. Rd3 Bd6 10. Nbd2 Nf6 11. b3 O-O 12. Bb2 Rae8 13. Re1 b5 14. g3 Bh3
15. Ng5 Bc8 16. Kg2 h6 17. Ngf3 g5 18. h3 Kh7 19. Nf1 Kg6 20. N3d2 Nd7 21. Rf3
Rxf3 22. Nxf3 Nc5 23. Ne3 h5 24. Nf5 Bxf5 25. exf5+ Kxf5 26. Nd4+ Kg6 27. Nxc6
e4 28. a3 h4 29. Nb4 hxg3 30. fxg3 Rf8 31. Re3 Re8 32. Nd5 Nd7 33. Re2 c6 34.
Ne3 Ne5 35. Nd1 Nd7 36. Nf2 e3 37. Ng4 Bc5 38. Bc1 Ne5 39. Nxe3 Nd7 40. Kf1 Nf6
41. Nd1 Rd8 42. Nf2 Rd5 43. Nd3 Bd6 44. Kg2 c5 45. Bb2 c4 46. bxc4 bxc4 47.
Ne5+ Bxe5 48. Bxe5 Nd7 49. Bc3 Kf7 50. Kf3 Nb6 51. Kg4 Na4 52. Bd2 Kf6 53. Be3
Nc3 54. Rf2+ Kg6 55. Rf8 Ne4 56. Rg8+ Kf7 57. Rc8 Nf6+ 58. Kf3 Rf5+ 59. Ke2 Re5
60. Kf3 Rf5+ 61. Kg2 Re5 62. Rc7+ Ke6 63. Bd4 Re2+ 64. Kf3 Rxc2 65. Bxf6 Kxf6
66. Kg4 Rc3 67. Rc6+ Ke5 68. Rxa6 {[#] Freibauern beiderseits mit aktivem
schwarzen Turm vs aktivem weißen König} Rd3 69. Ra8 c3 70. Rc8 Kd5 71. a4 Rd4+
72. Kxg5 Rc4 73. Rd8+ Ke4 74. Rd1 c2 {Wenn Schwarz ein klares Remis haben will,
dann so:} (74... Rxa4 $11 {Der König bleibt a c-Bauer und der Turm beschäftigt
sich mit den weißen Freibauern}) 75. Rc1 Kf3 $2 (75... Kd3 76. h4 Kd2 77. Rxc2+
Kxc2 78. h5 Rxa4 $11 {ist auch noch problemlos}) 76. g4 Kg3 $2 (76... Ke3 77.
h4 Kd2 78. Rxc2+ Kxc2 79. h5 Rxa4 $11 {ginge auch noch}) 77. Kh5 Kxh3 {Ein
letzter, wohl untauglicher Versuch wäre} (77... Kf4 $5 78. g5 Kf5 79. h4 Rc8
80. Kh6 Rh8+ 81. Kg7 Rxh4 82. Rxc2 Rxa4 (82... Kxg5 83. Rc5+ $18) 83. g6 Ra7+
84. Kh6 $18) 78. g5 Rc5 79. Kh6 Kg4 80. g6 Rc6 81. Kh7 Kg5 82. g7 Rh6+ 83. Kg8
Rc6 84. a5 Rc3 85. a6 Kg6 86. Rg1+ Kh6 87. Kh8 Rc8+ 88. g8=Q 1-0

[Event "Olympiad-33"]
[Site "Elista"]
[Date "1998.10.09"]
[Round "10.1"]
[White "Ivanchuk, Vassily"]
[Black "Svidler, Peter"]
[Result "1/2-1/2"]
[WhiteElo "2730"]
[BlackElo "2710"]
[Annotator "Ivanchuk,V"]
[PlyCount "92"]
[EventDate "1998.09.29"]
[EventType "team-swiss"]
[EventRounds "13"]
[EventCountry "RUS"]
[SourceTitle "CBM 068"]
[Source "ChessBase"]
[SourceDate "1999.02.01"]
[SourceVersion "1"]
[SourceVersionDate "1999.02.01"]
[SourceQuality "1"]
[WhiteTeam "Ukraine"]
[BlackTeam "Russia"]
[WhiteTeamCountry "UKR"]
[BlackTeamCountry "RUS"]

{[%mdl 48]} 1. e4 e5 2. Nf3 Nc6 3. Bb5 a6 4. Bxc6 dxc6 5. O-O f6 6. d4 Bg4 7.
c3 Qd7 8. h3 Bxf3 9. Qxf3 O-O-O 10. Rd1 $146 (10. Be3) 10... Ne7 11. Nd2 Ng6 ({
If black take the pawn} 11... exd4 {after} 12. Nb3 Ng6 13. cxd4 {White is
better}) 12. Nf1 $1 {The knight go to f5} Bd6 13. Ne3 Rhe8 14. Nf5 Bf8 15. Be3
exd4 16. Rxd4 ({After} 16. cxd4 Qe6 17. Qg4 Ne7 $1 18. Nxe7+ Rxe7 $11 {the
endgame is equal}) 16... Qe6 17. Qh5 Qg8 (17... Rxd4 18. Nxd4 Qxe4 19. Qxh7 $14
) 18. Rad1 Ne5 19. b3 g6 20. Rxd8+ Rxd8 21. Rxd8+ Kxd8 22. Qd1+ ({Better was} 
22. Qh4 $5 Nd7 (22... Nf3+ 23. gxf3 gxf5+ 24. Kf1 Qg6 25. Bd4 $14) 23. Nd4 Bd6
24. f4 Qe8 25. f5 Qe7 26. Ne6+ Kc8 $14 {keeping better position}) 22... Kc8 23.
Nd4 c5 24. Nf3 Nc6 25. Nd2 h5 $2 (25... Qe6 {leads to equality}) 26. f4 Qe6 27.
f5 Qe8 (27... gxf5 $2 28. Qxh5 fxe4 29. Qh8 Qe8 30. Bh6 e3 31. Nf3 $18) 28.
fxg6 Qxg6 29. Qf3 Bd6 30. Kf2 Kd8 31. Nc4 b5 32. Nxd6 cxd6 33. Bf4 (33. Qg3 Ne5
34. Qxg6 Nxg6 35. Kf3 Ke7 36. Bf4 Ke6 $11) 33... Ne5 34. Qd1 Kc7 35. Qd5 h4 36.
Kf1 Qh5 37. Ke1 (37. Kg1 Qe2 38. Bxe5 fxe5 39. Qf7+ Kb6 40. Qd7 Qe1+ $11) 37...
Qg6 38. Kf2 Qh5 39. Ke3 Qg6 40. Kf2 Qe8 41. b4 ({Missing last chance} 41. Kg1
$1 Qg6 42. Kh2 Qe8 43. Qd1 Qg6 44. Qe1 Qh5 45. Qe3 Qg6 (45... Qd1 46. Qf2) 46.
Qf2 Qh5 47. Be3 {and the white is control ><f6,><h4}) 41... c4 $1 42. Qd4 Nd3+
43. Ke3 Nxf4 44. Qa7+ Kc6 45. Qxa6+ Kc7 46. Qa7+ (46. Kxf4 $2 Qe5+ 47. Ke3
Qxc3+ $17) 46... Kc6 1/2-1/2

[Event "Alekhine Memorial"]
[Site "Moscow"]
[Date "1992.??.??"]
[Round "?"]
[White "Timman, Jan H"]
[Black "Jussupow, Artur"]
[Result "1/2-1/2"]
[WhiteElo "2665"]
[BlackElo "2640"]
[Annotator "Jussupow,A"]
[PlyCount "108"]
[EventDate "1992.11.??"]
[EventType "tourn"]
[EventRounds "7"]
[EventCountry "RUS"]
[EventCategory "18"]
[SourceTitle "CBM 033"]
[Source "ChessBase"]
[SourceDate "1993.04.01"]
[SourceVersion "1"]
[SourceVersionDate "1993.04.01"]
[SourceQuality "1"]

1. e4 e5 2. Nf3 Nc6 3. Bb5 a6 4. Bxc6 dxc6 5. O-O f6 6. d4 exd4 7. Nxd4 c5 8.
Ne2 Qxd1 9. Rxd1 Bd7 10. Nbc3 O-O-O 11. Bf4 Ne7 12. Bg3 g5 $6 $146 (12... Nc6
13. Nd5 Ne5 14. f4 Nf7 $10 {ECO}) 13. f4 $1 Bg7 (13... gxf4 $2 14. Nxf4 $16 {
><c7, f6}) 14. f5 b6 (14... h5 15. h3 h4 16. Bf2 (16. Bh2 b5 17. a3 b4 (17...
Bc6 18. b4) 18. axb4 cxb4 19. Nd5 Nxd5 20. Rxd5 Bc6 21. Rc5 Kb7 22. Rc4 $16)
16... b6 $13 17. Rd2 (17. a4) 17... Nc6 $6 18. Nd5) 15. h3 h5 16. Bh2 Rde8 $6 (
16... Bc6 $142 $14) (16... b5 17. a3 $1 b4 18. axb4 cxb4 19. Nd5 $16) 17. a4 $1
Nc6 18. Nd5 Ne5 19. c3 $5 {/\b4|^<<} Rhf8 $1 {/\Rf7,Bf8} 20. b4 c4 21. Nd4 Rf7
22. b5 a5 23. Nf3 Nd3 $1 $8 24. Bxc7 Rxe4 25. Nd2 (25. Bxb6 Bxf5 26. Bd4 $16 (
26. Bxa5 Kb7 $132 (26... g4 27. Nd4 Bd7 28. Nb6+ Kb7 $132)) (26. Nd2 $16))
25... Bxf5 $8 26. Bd6 $2 (26. Bxb6) (26. Bxb6 $16) 26... Kb7 $44 27. Rf1 $1 (
27. Nxe4 Bxe4 28. Ne3 f5 29. Nxc4 Bxc3 30. Ra3 Nb2 $1 {Timman}) 27... Bg6 28.
Nxe4 Bxe4 29. Ne3 f5 30. Nxc4 Rd7 $1 (30... Bxc3 31. Ra3 Bd4+ 32. Kh2 {/\Rd1}
Bd5 $140 $2 33. Rxd3 Bxc4 34. Rxd4 Bxf1 35. Kg1 Be2 36. Kf2 $18) 31. Ba3 Bxc3
32. Nd6+ Ka7 33. Rad1 Bd4+ (33... Bb4 $5 34. Bxb4 axb4 $13 {Timman}) 34. Kh1
Be5 35. Nxe4 $6 (35. Nxf5 $4 Nf2+ $19) (35. Rxd3 $1 Bxd3 36. Rd1 Bc2 37. Nc8+
Kb8 38. Rxd7 Kxc8 $14 {Timman}) 35... fxe4 36. Rd2 g4 $1 $138 37. Re2 (37. hxg4
hxg4 38. g3 $10) 37... g3 38. Bc1 Rd4 39. Be3 $2 (39. Rc2 $10 {/\Rf7}) 39...
Rxa4 40. Rc2 Rb4 $17 41. Rc8 (41. Rf7+ Ka8 42. Rc8+ Bb8 {/\Rb1}) 41... Kb7 42.
Re8 Rxb5 43. Kg1 Rb4 $6 (43... a4 $1 44. Rf7+ Kc6 45. Re6+ Kd5 46. Rxb6 Rxb6
47. Bxb6 a3 48. Ra7 Bb2 $19) 44. Rf7+ Ka6 45. Kf1 a4 46. Rfe7 a3 47. Ra8+ Kb5
48. Re6 $1 (48. Rxa3 Bd6 $19) 48... Bb2 (48... Rb1+ 49. Ke2 Rb2+ 50. Kf1 $10)
49. Rxb6+ (49. Bxb6 $2 Ra4 $17) 49... Kc4 50. Rba6 $13 Kb3 $138 51. Ke2 Rc4 52.
Bd2 Nc1+ 53. Kd1 Nd3 54. Ke2 Nc1+ 1/2-1/2

[Event "USA-ch GpB"]
[Site "San Diego"]
[Date "2006.03.06"]
[Round "4"]
[White "Milman, Lev"]
[Black "Kaidanov, Gregory S"]
[Result "1/2-1/2"]
[WhiteElo "2478"]
[BlackElo "2603"]
[Annotator "Kaidanov,G"]
[PlyCount "198"]
[EventDate "2006.03.02"]
[EventType "swiss"]
[EventRounds "9"]
[EventCountry "USA"]
[SourceTitle "CBM 112"]
[Source "ChessBase"]
[SourceDate "2006.06.07"]
[SourceVersion "1"]
[SourceVersionDate "2006.06.07"]
[SourceQuality "1"]

1. e4 e5 2. Nf3 Nc6 3. Bb5 a6 4. Bxc6 dxc6 5. O-O f6 6. d4 Bg4 7. c3 Bd6 8. Be3
Qe7 9. Nbd2 O-O-O 10. Qc2 exd4 11. cxd4 Re8 12. e5 $5 fxe5 13. dxe5 Bxe5 14.
Rfe1 Bf6 15. Bd4 (15. Rac1 $5 {since Black has hard time to find a useful move,
this was an interesting try.} Be6 $1 (15... Qd7 16. Qc5) (15... Qf7 16. Qc5
Qxa2 17. Qa7 Ne7 18. Ne4 Bxf3 19. Nc5 $18) (15... Qf8 16. b4 Ne7 (16... Qxb4
17. Bc5 Rxe1+ 18. Rxe1 Qc3 19. Qxc3 Bxc3 20. Re8+ Kd7 21. Rb8 b6 22. Bd4 $16)
17. Qc5 Nd5 18. Qa7 Qxb4 19. Rb1 $16) 16. Ne4 (16. Nd4 Bxd4 17. Bxd4 Nf6 $11)
16... Bf5 17. Nd6+ Qxd6 18. Qxf5+ Qd7 19. Qc5 b6 20. Qxc6 Qxc6 21. Rxc6 Ne7 22.
Rc2 Kb7 $11) 15... Qf8 $1 {to stop 16.Qc5} 16. Rxe8+ Qxe8 17. Re1 (17. Qc5 b6
18. Qc4 Kb7 {is fine for Black}) 17... Qf8 18. Qc4 Nh6 19. Be3 Bxf3 (19... Bf5
20. Nd4 Bd7 21. N2b3 $36) 20. Nxf3 Qd6 (20... Bxb2 21. Rb1 Bf6 22. Qe6+ Kb8 23.
Qxc6 $18) 21. Bxh6 gxh6 {White didn't get enough play for a pawn and now
forces an exchange, hoping to exploit black's pawn weaknesses.} 22. b3 Qd5 23.
Qf4 Bc3 24. Rc1 Bg7 25. Re1 Rf8 26. Qg4+ Qd7 27. Qh5 b6 28. h3 a5 29. Ne5 Qe6
30. Nf3 Qd7 31. Ne5 Qe6 32. Re3 {I was surprised by this move. I expected 32.
Nf3, in which case I was going to play for a win with 32...Qf7.} Kb7 33. Qe2
Qf5 34. Nf3 Rd8 35. Re7 Bf8 36. Re4 Bc5 {Black made a little progress.} 37. g4
Qf7 38. Re6 Rd6 39. Re5 Rd5 40. Kg2 Bd6 (40... Rxe5 41. Qxe5 (41. Nxe5 Qd5+ 42.
Nf3 b5 43. Qc2 Bb6 44. Qxh7 $4 Qc5 $19) 41... a4 (41... Qd5 42. Qg7 a4 43. Qxh7
axb3 44. axb3 Qxb3 45. Qxh6 Qb2 46. Qd2 (46. Nd2 Qd4) 46... Qxd2 47. Nxd2 Bb4
48. Nb3 c5 49. g5 c4 50. g6 Bc3 51. Nd2 b5 52. h4 Bg7 53. h5 c5 54. Ne4 Kc6 55.
f4 b4 56. f5 c3 57. f6 Bxf6 58. Nxf6 c2 59. g7 c1=Q 60. g8=Q Qb2+ 61. Kh3 Qxf6
62. Qg6 Qxg6 63. hxg6 b3 64. g7 b2 65. g8=Q b1=Q {and it's a draw according to
the tablebases.}) 42. Qc3 Qf4 $15) 41. Re6 h5 42. g5 Bf4 (42... Rf5 $5 43. Rh6
$2 (43. Re4 h6) 43... Bf8 44. Re6 Rxf3 45. Qxf3 Qxe6 46. Qxf8 Qd5+ $19) 43. Qe4
({Believe it or not, I missed} 43. Rf6 $2 {when I played 42...Bf4. Fortunately,
it's bad because of} Rxg5+) 43... Bxg5 44. Rxc6 {I saw this one though:)} Qf5
45. Qxf5 Rxf5 46. Re6 Bf6 47. Re8 Rd5 48. Rf8 Rd6 49. Rf7 h6 50. Kf1 Bc3 51.
Ke2 Kc6 52. a4 $6 {Unnecessarily weakening the position. The simple 52.Ke3 was
better.} Rf6 53. Re7 Kd6 54. Re3 (54. Rh7 c6 55. Z0 Kc5 56. Z0 Kb4) 54... Bb4 (
54... Re6 $5 55. Rxe6+ Kxe6 56. Kd3 Bb4 {Black's advantage is based not only
on the extra pawn, but also on the fact that the bishop is better than the
knight in those situations.} 57. Nd4+ Ke5 58. Nc6+ Kf4 59. Nxb4 (59. Ke2 Bc5
$17) 59... axb4 60. Kc4 {The variation below shows the significance of the
extra double h pawn.} (60. Ke2 h4 $19) 60... c5 (60... Kf3 $4 61. Kb5 Kxf2 62.
Kc6 Kg3 63. Kxc7 Kxh3 64. Kxb6 Kg3 65. a5 h4 66. a6 h3 67. a7 h2 68. a8=Q $18)
61. Kb5 Kf3 62. Kxb6 c4 63. a5 cxb3 64. a6 b2 65. a7 b1=Q 66. a8=Q+ Kxf2 67.
Qf8+ Kg2 68. Qxh6 Qf5 69. h4 Qg4 70. Qd2+ Kh3 71. Qe1 Qc4 {and Black should
win White's h-pawn and then the game.}) 55. Rd3+ Ke6 56. Nd4+ Kf7 57. Nf3 Re6+
58. Kf1 Rd6 59. Ke2 Kf6 (59... Rxd3 60. Kxd3 Ke6 {would lead to the same
situation, which Black could get on move 54. It would promise him good winning
chances.}) 60. Nd4 Bc5 61. Rf3+ Ke5 62. Nc2 Rc6 $2 {Missing the last chance to
trade rooks.} (62... Rf6 $1) (62... Re6 $5) 63. Ne3 Bxe3 64. Rxe3+ Kf4 65. Rf3+
Kg5 66. Rg3+ Kh4 67. Kf1 Rc5 68. Re3 Kg5 69. Ke2 Rc2+ 70. Kf3 Kf5 71. Kg3 h4+
72. Kxh4 Kf4 73. Re7 Rc3 74. Rf7+ Ke4 75. Kg4 Rxb3 76. Rxc7 Rb4 77. Rb7 Kd5+
78. f4 Kc6 79. Rh7 Rxa4 80. Rxh6+ Kc5 81. Rh8 b5 82. Rb8 $2 {It's not clear
yet where the rook belongs to, so it was better to push the pawn.} (82. h4 Ra1
(82... b4 83. Rb8) 83. h5 a4 84. h6 Rh1 85. f5 a3 86. f6 Rg1+ 87. Kh5 a2 88. f7
Rf1 89. Ra8 $11) 82... Rd4 $2 $138 (82... Ra1 $1 83. Ra8 (83. f5 b4 84. f6 Rf1
85. Kg5 a4 86. Kg6 b3 87. f7 Kc4 88. Rc8+ (88. h4 a3 $19) 88... Kd3 89. Rd8+
Kc2 90. Rc8+ Kb2 91. f8=Q Rxf8 92. Rxf8 Ka2 $1 93. h4 b2 94. Rf2 a3 95. h5 Ka1
96. Rf1+ b1=Q+ 97. Rxb1+ Kxb1 98. h6 a2 99. h7 a1=Q $19) (83. Rc8+ Kd4 84. Rd8+
Kc3 85. Rc8+ Kb3 86. f5 Rf1 (86... b4 87. f6 Rf1 88. Rc5 $1 $11) 87. Kg5 a4 88.
h4 a3 89. h5 a2 90. Ra8 a1=Q 91. Rxa1 Rxa1 92. h6 b4 93. h7 Ra8 94. Kg6 Kc4 95.
f6 Kd5 $1 $19 (95... b3 96. Kg7 b2 97. h8=Q Rxh8 98. Kxh8 b1=Q 99. f7 $11)) (
83. h4 a4 84. h5 a3 85. Ra8 {This line shows why it was better to play 82.h4
instead of 82.Rb8. The rook has to move again and this extra tempo proves to
be decisive.} (85. h6 Rg1+ 86. Kf5 a2 $19 87. Ra8) 85... a2 86. h6 Rg1+ $19)
83... b4 84. f5 a4 (84... b3 85. f6 b2 (85... Rf1 86. Rxa5+ Kc4 87. Ra4+ Kc3
88. Ra3 Rxf6 89. h4 $11) 86. f7 Rf1 87. Rb8) 85. f6 b3 $1 (85... a3 86. Kg5 (
86. f7 Rf1 87. f8=Q+ Rxf8 88. Rxf8 a2) 86... Rf1 87. Kg6 Kc4 88. f7 Kb3 89.
f8=Q Rxf8 90. Rxf8 a2 91. Ra8 Kb2 92. h4 b3 93. h5 a1=Q 94. Rxa1 Kxa1 95. h6 b2
96. h7 $11) 86. Rb8 (86. f7 Rf1 (86... Rg1+ $1 87. Kf5 (87. Kh4 Rf1 88. f8=Q+ (
88. Rxa4 b2 89. Ra5+ Kc6 90. Ra6+ Kb7 $19) 88... Rxf8 89. Rxf8 b2 90. Rb8 a3
$19) 87... Rf1+ 88. Ke6 b2 $19) 87. Ra5+ Kc6 88. Rf5 $11) 86... Rf1 87. Kg5 Kc4
$19) 83. Kg5 $11 a4 84. f5 b4 85. f6 Rd7 86. Kg6 b3 (86... a3 $2 87. Ra8 Kc4 $2
88. f7 Rxf7 89. Kxf7 b3 90. Ra4+ $1 $18) 87. f7 Rxf7 88. Kxf7 Kc4 89. Rc8+ Kd3
90. Rb8 Kc3 91. Rc8+ Kb2 92. h4 a3 93. h5 a2 94. Ra8 a1=Q 95. Rxa1 Kxa1 96. h6
b2 97. h7 b1=Q 98. h8=Q+ Qb2 99. Qxb2+ Kxb2 1/2-1/2